LIBRARY & INFORMATION CENTRE, KCAET, TAVANUR

ONLINE PUBLIC ACCESS CATALOGUE (OPAC)

Optimization of greenhouse ventilation for humid tropics (Record no. 15217)

MARC details
000 -LEADER
fixed length control field 00554nam a22001697a 4500
003 - CONTROL NUMBER IDENTIFIER
control field OSt
088 ## - REPORT NUMBER
Report number T 109
100 ## - MAIN ENTRY--AUTHOR NAME
Personal name JINU A
245 ## - TITLE STATEMENT
Title Optimization of greenhouse ventilation for humid tropics
260 ## - PUBLICATION, DISTRIBUTION, ETC. (IMPRINT)
Place of publication Tavanur 2000
Name of publisher Kelappaji College of Agricultural Engineering and Technology
300 ## - PHYSICAL DESCRIPTION
Number of Pages 117
500 ## - GENERAL NOTE
General note Optimization of greenhouse ventilation for humid tropics
520 ## - SUMMARY, ETC.
Summary, etc Optimization of greenhouse ventilation for humid tropics
700 ## - ADDED ENTRY--PERSONAL NAME
Personal name Er. Abdul Hakkim V. M (Guide)
942 ## - ADDED ENTRY ELEMENTS (KOHA)
Koha item type Theses

No items available.

free website counter